| 000 | 00628nam a2200169 i 4500 | ||
|---|---|---|---|
| 001 | 81854 | ||
| 003 | ES-MaACL | ||
| 005 | 20231227193959.0 | ||
| 007 | t| | ||
| 008 | 041108s1940 sp ||||1| spa d | ||
| 100 | 1 |
_aIbáñez Martín, José, _d1896-1969 _964934 |
|
| 245 | 1 | 0 |
_aHacia un nuevo orden universitario / _cdiscurso pronunciado por José Ibáñez Martínez ministro de Educación Nacional, en la inauguración del curso académico de 1940-41 en la Universidad de Valladolid. |
| 260 |
_aValladolid : _b[s.n., _c1940] |
||
| 300 |
_a22 p. ; _c21 cm. |
||
| 852 |
_aES-MaACL _j1850-F-6 _bR.21187 |
||
| 999 |
_c81854 _d81854 |
||